[Event "Bremen Silvester op-B"]
[Site "Bremen"]
[Date "2022.12.27"]
[Round "2"]
[White "Schube, Theresa"]
[Black "Meschke, Oliver"]
[Result "0-1"]
[WhiteElo "1170"]
[BlackElo "1813"]
[PlyCount "48"]
[EventDate "2022.12.27"]
[EventType "swiss"]
[EventRounds "7"]
[EventCountry "GER"]
[SourceTitle "CBM 211 Extra"]
[Source "ChessBase"]
[SourceDate "2023.01.31"]
[SourceVersion "1"]
[SourceVersionDate "2023.01.31"]
[SourceQuality "1"]

1. e4 c5 2. Nf3 Nc6 3. Bb5 g6 4. Bxc6 dxc6 5. c4 Bg7 6. h3 e5 7. b3 Ne7 8. Qc2 0-0 9. Bb2 Qd6 10. Nc3 Rb8 11. 0-0 f5 12. d3 f4 13. Rfe1 h6 14. Rad1 g5 15. Qe2 g4 16. hxg4 Bxg4 17. Qc2 Ng6 18. Rd2 Bxf3 19. gxf3 Nh4 20. Qd1 Qg6+ 21. Kf1 Qg2+ 22. Ke2 Qxf3+ 23. Kf1 Qg2+ 24. Ke2 f3+ 0-1

[Event "GER-ch U12 Girls"]
[Site "Willingen"]
[Date "2022.06.10"]
[Round "8"]
[White "Schube, Theresa"]
[Black "Vasylenko, Nadeja"]
[Result "1-0"]
[WhiteElo "1167"]
[BlackElo "1305"]
[PlyCount "137"]
[EventDate "2022.06.04"]
[EventType "swiss"]
[EventRounds "9"]
[EventCountry "GER"]
[SourceTitle "CBM 208 Extra"]
[Source "ChessBase"]
[SourceDate "2022.07.31"]
[SourceVersion "1"]
[SourceVersionDate "2022.07.31"]
[SourceQuality "1"]

1. e4 e5 2. Bc4 Nf6 3. d3 Nc6 4. Nc3 Na5 5. Bb3 Nxb3 6. axb3 h6 7. Nf3 d6 8. h3 a6 9. Be3 Be7 10. 0-0 0-0 11. Qd2 Be6 12. Rad1 Nh7 13. d4 exd4 14. Qxd4 Ng5 15. Nxg5 Bxg5 16. e5 dxe5 17. Qxe5 Qe7 18. Bxg5 Qxg5 19. Qxg5 hxg5 20. Rd2 g4 21. hxg4 Bxg4 22. f3 Be6 23. g4 Rfe8 24. Nd5 Rad8 25. Rfd1 Rxd5 26. Rxd5 Bxd5 27. Rxd5 Re2 28. Rc5 c6 29. b4 Kf8 30. Kf1 Rh2 31. Ke1 Rh1+ 32. Kd2 Rg1 33. Re5 f6 34. Re3 Rh1 35. c4 Kf7 36. b3 Rh8 37. Rd3 Ke7 38. Ke3 g6 39. Kd4 Rd8+ 40. Ke3 Rxd3+ 41. Kxd3 Kd7 42. Kd4 Kd6 43. f4 b6 44. c5+ bxc5+ 45. bxc5+ Ke6 46. Ke4 g5 47. b4 gxf4 48. Kxf4 Kd5 49. Kf5 Kc4 50. Kxf6 Kxb4 51. g5 Kxc5 52. g6 a5 53. g7 Kb4 54. g8Q c5 55. Qa2 c4 56. Ke5 a4 57. Kd4 c3 58. Kd3 c2 59. Kxc2 Ka5 60. Qa3 Kb5 61. Kc3 Ka5 62. Qb4+ Ka6 63. Qxa4+ Kb6 64. Qc4 Ka7 65. Qb5 Ka8 66. Kc4 Ka7 67. Kc5 Ka8 68. Kc6 Ka7 69. Qb7# 1-0

[Event "GER-ch U12 Girls"]
[Site "Willingen"]
[Date "2021.08.27"]
[Round "7"]
[White "Stasaitis, Paulina"]
[Black "Schube, Theresa"]
[Result "0-1"]
[WhiteElo "1321"]
[BlackElo "1262"]
[PlyCount "132"]
[EventDate "2021.08.22"]
[EventType "swiss"]
[EventRounds "9"]
[EventCountry "GER"]
[SourceTitle "EXT 2022"]
[Source "ChessBase"]
[SourceDate "2021.10.06"]
[SourceVersion "1"]
[SourceVersionDate "2021.10.06"]
[SourceQuality "1"]

1. d4 Nf6 2. Bf4 c5 3. e3 Qb6 4. b3 d5 5. dxc5 Qxc5 6. Qd3 g6 7. Qb5+ Qxb5 8. Bxb5+ Bd7 9. Nc3 a6 10. Bxd7+ Nbxd7 11. 0-0-0 e6 12. Nf3 Ba3+ 13. Kb1 Bb4 14. Ne2 Ne4 15. Rhf1 h6 16. Nfd4 e5 17. f3 Nd2+ 18. Rxd2 Bxd2 19. Rd1 Bb4 20. c3 Bc5 21. b4 Bxd4 22. cxd4 exf4 23. Nxf4 Nf6 24. Rc1 Kd7 25. Rc5 b6 26. Rc3 Rac8 27. Ra3 a5 28. bxa5 bxa5 29. Rxa5 Ra8 30. Rc5 Rhc8 31. Nxd5 Nxd5 32. Rxd5+ Ke6 33. Rb5 Rab8 34. Rxb8 Rxb8+ 35. Kc2 Kd5 36. Kc3 f5 37. a4 Ra8 38. Kb4 f4 39. exf4 Kxd4 40. a5 Rb8+ 41. Ka4 Kc5 42. g4 Rb4+ 43. Ka3 Rxf4 44. a6 Rxf3+ 45. Ka4 Kb6 46. a7 Kxa7 47. Kb5 Rc3 48. Kb4 Rc7 49. Kb5 Kb8 50. Kb6 Kc8 51. Kb5 Kd7 52. Kb6 Rc1 53. h4 Kd6 54. Kb5 Rc8 55. Kb4 Kd5 56. Kb3 Kd4 57. Kb2 Kd3 58. Kb1 Kd2 59. Ka2 Rb8 60. Ka3 Kc3 61. Ka4 Rb1 62. Ka5 Kc4 63. Ka6 Kc5 64. Ka7 Kc6 65. Ka8 Kc7 66. Ka7 Ra1# 0-1

[Event "GER-ch U10 Girls"]
[Site "Willingen"]
[Date "2020.10.30"]
[Round "6"]
[White "Schube, Theresa"]
[Black "Kutz, Ida Klara"]
[Result "0-1"]
[WhiteElo "1131"]
[BlackElo "997"]
[PlyCount "76"]
[EventDate "2020.10.26"]
[EventType "swiss"]
[EventRounds "7"]
[EventCountry "GER"]
[SourceTitle "CBM 199 Extra"]
[Source "ChessBase"]
[SourceDate "2021.01.31"]
[SourceVersion "1"]
[SourceVersionDate "2021.01.31"]
[SourceQuality "1"]

1. e4 c5 2. Nf3 e6 3. c3 d5 4. exd5 exd5 5. d4 cxd4 6. cxd4 Nf6 7. Nc3 Be6 8. Be2 Bb4 9. Bd2 0-0 10. Qb3 Qb6 11. 0-0 Nbd7 12. Na4 Qd8 13. Bxb4 Re8 14. Nc5 Nxc5 15. Bxc5 Ne4 16. Ba3 Bg4 17. Qd3 Qf6 18. Ne5 Bxe2 19. Qxe2 Ng5 20. Qd2 Ne6 21. Nd7 Qxd4 22. Qxd4 Nxd4 23. Bc5 Ne2+ 24. Kh1 Rad8 25. Nf6+ gxf6 26. Bxa7 d4 27. g3 d3 28. Be3 Nd4 29. Bxd4 Rxd4 30. Rfe1 Re2 31. b3 Rxf2 32. Red1 d2 33. Kg1 Re2 34. a3 Rde4 35. Kf1 Rxh2 36. Kg1 Ree2 37. b4 Rhg2+ 38. Kf1 Ref2# 0-1